Word Ladder: Brave New World Quiz Stats

 Plays Quiz Updated Oct 8, 2018

Score 0/21 Timer 02:00
0 Plays Today
Clue 3-Letter Word % Correct
School vehicleBUS
97.6%
WagerBET
95.6%
Part of a tennis matchSET
94.1%
IntercourseSEX
94%
Money paid to the governmentTAX
94%
Contrasting coordinating conjunctionBUT
93.8%
Place where science is doneLAB
92.8%
Bar billTAB
92.7%
Formal suitTUX
91.7%
Bitter beerALE
91.5%
What the defense wants in baseballOUT
86.6%
Clue 3-Letter Word % Correct
CurseHEX
83.3%
To set downLAY
81.1%
●'Brave New World' author part III●☆HUX☆
78.9%
●'Brave New World' author part II●☆OUS☆
78.5%
To make a choice forOPT
76%
SuitableAPT
75.7%
One-fifth of 'Romeo and Juliet'?ACT
70.1%
●'Brave New World' author part IV●☆LEY☆
68.8%
King topper, oftenACE
68.5%
●'Brave New World' author part I●☆ALD☆
63.8%

Today's Daily Dose

Word Ladder
Lean on Me

Get the Picture
Superhero by Villain

You're not logged in!

Compare scores with friends on all Sporcle quizzes.
OR
Log In

Sporcle TV

Today on Sporcle TV


Watch our educational content, quiz creation guides, and fun videos on Sporcle TV.

Show Comments

Extras

Top Quizzes Today


Score Distribution

Your Account Isn't Verified!

In order to create a playlist on Sporcle, you need to verify the email address you used during registration. Go to your Sporcle Settings to finish the process.

Report this User

Report this user for behavior that violates our Community Guidelines.

Details: